000 00432nam a2200145 i 4500
001 51616
003 ES-MaACL
005 20230906162409.0
007 t|
008 030814s1967 sp ||||1| spa d
245 0 3 _aEl chico de hoy el escultismo de siempre
_b: reflexiones y criterios pedagógicos.
260 _aMadrid :
_bS.I.P.E.,
_c[1967]
300 _a58 p., 1 lám. :
_bil. ;
_c17 cm.
852 _aES-MaACL
_j2059-F-15
_bR.64789
999 _c51616
_d51616